000 00547nam a2200133Ia 4500
005 20260209120152.0
008 260209s9999||||xx |||||||||||||| ||und||
100 _aSusha Chander
245 0 _aAssessing the legal framework relating to investigation in addressing cybercrime against women : challenges and recommendations
260 _aBangaloreBangalore
_bNLSIU, Bangalore
_c2024 - 2025
300 _a44 p. ; 25 cm.
700 _aDr. Nagarathna A - SupervisorDr. Nagarathna A - Supervisor
856 _uhttps://dans.nls.ac.in/handle/123456789/2440
999 _c217751
_d217751